League of Legends Worlds 2019 Teams and Rosters - Statistics

General Stats
  • This quiz has been taken 24 times
  • The average score is 59 of 151
Answer Stats
Hint Answer % Correct
G2 Caps
100%
LEC #2 Fnatic
100%
LEC #1 G2 Esports
100%
G2 Jankos
100%
G2 Mikyx
100%
G2 Perkz
100%
FNC Broxah
95%
FNC Bwipo
95%
LCS #2 Cloud9
95%
LPL #1 FunPlus Phoenix
95%
FNC Rekkles
95%
LCK #1 SK Telecom T1
95%
G2 Wunder
95%
LCK #3 DAMWON Gaming
90%
SKT Faker
90%
FNC Hylissang
90%
FNC Nemesis
90%
DWG ShowMaker
86%
DWG BeryL
81%
FPX Doinb
81%
LPL #3 Invictus Gaming
81%
LPL #2 Royal Never Give Up
81%
LCS #1 Team Liquid
81%
SKT Teddy
81%
IG TheShy
81%
FPX Tian
81%
DWG Canyon
76%
DWG Nuguri
76%
IG Rookie
76%
LEC #3 Splyce
76%
RNG Uzi
76%
GRF Viper
76%
GRF Chovy
71%
SKT Clid
71%
FPX Crisp
71%
TL Doublelift
71%
FPX GimGoon
71%
LCK #2 Griffin
71%
IG JackeyLove
71%
GRF Tarzan
71%
IG Baolan
67%
TL CoreJJ
67%
SKT Effort
67%
SPY Humanoid
67%
TL Jensen
67%
SKT Khan
67%
GRF Lehends
67%
FPX lwx
67%
IG Ning
67%
C9 Sneaky
67%
GRF Sword
67%
CG Huni
62%
TL Impact
62%
C9 Licorice
62%
SKT Mata
62%
C9 Nisqy
62%
C9 Svenskeren
62%
RNG Xiaohu
62%
TL Xmithie
62%
VCS #1 GAM Esports
57%
RNG Ming
57%
C9 Blaber
52%
RNG Karsa
52%
SPY Kobbe
52%
LJL #1 DetonatioN FocusMe
48%
SPY Vizicsacsi
48%
SPY Xerxe
48%
C9 Zeyzal
48%
LCS #3 Clutch Gaming
43%
CBLOL #1 Flamengo eSports
43%
DWG Nuclear
43%
SPY Norskeren
38%
CG Vulcan
38%
DFM Evi
33%
CG Cody Sun
29%
MMM Fudge
29%
GAM Levi
29%
LMS #2 ahq e-Sports Club
24%
UOL Edward
24%
GAM Kiaya
24%
RNG Langx
24%
LCL #1 Unicorns of Love
24%
RYL Armut
19%
FLA brTT
19%
LMS #1 CTBC J Team
19%
LMS #3 Hong Kong Attitude
19%
CG Damonte
14%
JT Hana
14%
IG Leyan
14%
AHQ Rainbow
14%
DFM Steal
14%
DFM Yutapon
14%
UOL BOSS
10%
RYL Closer
10%
MMM Destiny
10%
HKA Kaiwing
10%
CG Lira
10%
OPL #1 MAMMOTH
10%
LST #1 MEGA Esports
10%
ISG Oddie
10%
TCL #1 Royal Youth
10%
GAM Zeros
10%
AHQ Ziv
10%
HKA 3Z
5%
UOL AHaHaCiK
5%
DFM Ceros
5%
C9 Deftly
5%
JT FoFo
5%
MG G4
5%
DFM Gaeng
5%
FLA Goku
5%
LLA #1 Isurus Gaming
5%
MMM k1ng
5%
JT Koala
5%
JT Lilv
5%
MG Lloyd
5%
VCS #2 Lowkey Esports
5%
HKA M1ssion
5%
UOL Nomanz
5%
RYL Pilot
5%
JT Rest
5%
FLA Robo
5%
MG Rockky
5%
FLA Shrimp
5%
GAM Slay
5%
HKA Unified
5%
GAM Zin
5%
AHQ Alex
0%
AHQ Apex
0%
LK Artifact
0%
MMM Babip
0%
ISG Buggax
0%
LK Celebrity
0%
HKA Crash
0%
RYL Cyeol
0%
MG DeuL
0%
LK DNK
0%
LK Hani
0%
GAM Hieu3
0%
UOL Innaxe
0%
FLA Luci
0%
HKA MnM
0%
MG PoP
0%
ISG seriya
0%
ISG Slow
0%
RYL Tolerant
0%
MMM Triple
0%
LK Venus
0%
AHQ Wako
0%
ISG Warangelus
0%
AHQ Ysera
0%
No matching quizzes found
Score Distribution
Percent of People with Each Score
Percentile by Number Answered
Your Score History
You have not taken this quiz